| 000 | 00797cam a22002411 4500 | ||
|---|---|---|---|
| 001 | sd 49000337 | ||
| 003 | DLC | ||
| 005 | 20260227112735.0 | ||
| 008 | 920910s1945 dcuab f000 0 eng c | ||
| 010 | _asd 49000337 | ||
| 035 | _a(OCoLC)26574512 | ||
| 040 |
_aU.S. Dept. of State. Library _cNNC _dDLC |
||
| 042 | _apremarc | ||
| 050 | 0 | 0 |
_aUB250 _b.U33 no. 2959 |
| 082 | _a338.1 | ||
| 110 | 1 |
_aUnited States. _bOffice of Strategic Services. _bResearch and Analysis Branch. |
|
| 245 | 0 | 4 | _aThe food position of Japan. |
| 260 |
_a[Washington] _c1945. |
||
| 300 |
_av. l., 62 p. _bfold. col. map, tables. _c27 cm. |
||
| 490 | 1 |
_aIts R & A _vno. 2959 |
|
| 650 | 0 |
_aFood supply _zJapan. |
|
| 810 | 1 |
_aUnited States. _bOffice of Strategic Services. _bResearch and Analysis Branch. _tR & A ; _vno. 2959. |
|
| 999 |
_c90011 _d90011 |
||